Animals in Music - Statistics

General Stats
  • This quiz has been taken 55 times
  • The average score is 15 of 25
Answer Stats
Hint Answer % Correct
1964 Tokens song, The ____ Sleeps Tonight. Lion
96%
1982 Survivor song, Eye of the _____ Tiger
96%
1956 Elvis Presley song, _____ ___. Hound Dog
90%
Rock This Town (1981), by Stray ____ Cats
84%
1971 America song, A _____ with No Name Horse
84%
1982 Duran Duran song, Hungry Like the ____ Wolf
84%
1984 Prince song, When _____ Cry Doves
80%
1976 Steve Miller Band song, Fly Like an _____ Eagle
80%
1967 Beatles song, I Am the ______ Walrus
78%
Adam and the ____ (1977-82) Ants
73%
2000 Nelly Furtado song, I'm Like a ____ Bird
69%
Buddy Holly & the ________ Crickets
61%
Happy Together (1967), by The _______ Turtles
51%
For What It's Worth (1966), by _______ Springfield Buffalo
47%
In-A-Gadda-Da-Vida (1968), by Iron _________ Butterfly
47%
1977 Heart song, _________, about this large ferocious fish. Barracuda
45%
Country Joe & the ____ Fish
45%
Stage name of Michael Peter Balzary, Red Hot Chili Peppers bassist. Flea
43%
Ziggy Stardust and the _______ from Mars (1972) Spiders
39%
1961 Brook Benton's The ____ ______ Song, about this insect destructive to the cotton crop. Boll Weevil
33%
1977 Pink Floyd song, ____ on the wing. Pigs
31%
1960 Lou Monte song, Dominick the ______, about this animal who helps Santa deliver presents in Italy. Donkey
29%
1970 Doors song, Celebration of the ______ King Lizard
29%
Rock You Like a Hurricane, (1986) by _________ Scorpions
29%
1970 Byrds song, Chestnut ____ Mare
16%
No matching quizzes found
Score Distribution
Percent of People with Each Score
Percentile by Number Answered
Your Score History
You have not taken this quiz